|
|
|
|
| LEADER |
00000nab#a22000007a#4500 |
| 001 |
arbauad004425 |
| 003 |
AR-BaUAD |
| 005 |
20250711110634.0 |
| 008 |
940617|||||||||###||||||b###|0###a|spa|| |
| 040 |
|
|
|a AR-BaUAD
|c AR-BaUAD
|b spa
|
| 245 |
1 |
0 |
|a Estadio de River Plate
|b River Plate 1938-1978: vigencia de un diseño
|
| 300 |
0 |
|
|b cortes, detalles, fot., plantas, vistas
|
| 653 |
|
|
|a ESTADIOS
|
| 653 |
|
|
|a ESTADIO DE RIVER PLATE
|
| 653 |
|
|
|a ESTADIO ANTONIO VESPUCIO LIBERTI
|
| 653 |
|
|
|a ASLAN-EZCURRA
|
| 653 |
|
|
|a ASLAN, JOSE
|
| 653 |
|
|
|a EZCURRA, HECTOR
|
| 653 |
|
|
|a ARQUITECTURA DEPORTIVA
|
| 653 |
|
|
|a BUENOS AIRES, CIUDAD
|
| 773 |
0 |
|
|t SUMMA
|g no. 125 [jun. 1978], p. 79-92
|
| 942 |
|
|
|c ARTI
|
| 952 |
|
|
|0 0
|1 0
|4 0
|7 0
|9 49345
|a AR-BAuAD
|b AR-BAuAD
|d 2025-07-11
|l 0
|p AAQA004425
|r 2025-07-11 11:06:34
|w 2025-07-11
|y ARTI
|
| 990 |
|
|
|a AQ197
|b TD
|
| 998 |
|
|
|a AAQ
|b BIBUN76
|
| 999 |
|
|
|c 29018
|d 29018
|